| 000 | 00539nam a2200193 a 4500 | ||
|---|---|---|---|
| 001 | BRCA_6975 | ||
| 005 | 20190320205650.0 | ||
| 008 | 221111s1949----au-a######---#000-0#ger-# | ||
| 041 | _ager | ||
| 044 | _aau | ||
| 050 | 4 |
_aND3143 _b.F75 |
|
| 245 | 1 | 0 |
_aMittelalterliche Buchmalerei _bKleinodien aus Salzburg |
| 260 |
_aViena _bMirabell _cc1949 |
||
| 300 |
_a83 p. _bil., 6 láminas _c?? cm. |
||
| 500 | _aO207 | ||
| 650 | 1 | 4 |
_aIluminación de libros y manuscritos _xEspecimenes, reproducciones, etc. _97874 |
| 902 | _aGFM | ||
| 942 |
_2lcc _cB |
||
| 999 |
_c6656 _d6656 |
||